|
|
|
|
| LEADER |
00873nab a2200241 i 4500 |
| 001 |
misc64340 |
| 005 |
20230531153046.0 |
| 008 |
230412s1937 hu o 0|| ger d |
| 040 |
|
|
|a SZTE Miscellanea Repozitórium
|b hun
|
| 041 |
|
|
|a ger
|
| 100 |
1 |
|
|a Räsänen Martti
|
| 245 |
1 |
0 |
|a G. J. Ramstedt, Kalmückisches Wörterbuch. Lexica Societatis Fenno-Ugricae 3. Helsinki, 1935
|h [elektronikus dokumentum] :
|b Buchbesprechung /
|c Räsänen Martti
|
| 260 |
|
|
|c 1937
|
| 300 |
|
|
|a 20-21
|c 22 cm
|
| 300 |
|
|
|a [2] p.
|c 22 cm
|
| 490 |
0 |
|
|a Finnisch-ugrischen Forschungen
|
| 561 |
|
|
|a Németh Gyula hagyaték
|
| 591 |
|
|
|a NOA 4771
|
| 650 |
|
4 |
|a Bölcsészettudományok
|
| 650 |
|
4 |
|a Nyelvek és irodalom
|
| 695 |
|
|
|a Kalmük-német szótár - könyvismertetés
|
| 700 |
0 |
1 |
|a Ramstedt Gustaf John
|
| 856 |
4 |
0 |
|u http://misc.bibl.u-szeged.hu/64340/1/4771_noa.pdf
|z Dokumentum-elérés
|